<?xml version="1.0" encoding="UTF-8"?>
<record
    xmlns:xsi="http://www.w3.org/2001/XMLSchema-instance"
    xsi:schemaLocation="http://www.loc.gov/MARC21/slim http://www.loc.gov/standards/marcxml/schema/MARC21slim.xsd"
    xmlns="http://www.loc.gov/MARC21/slim">

  <leader>01286nam a22002177a 4500</leader>
  <controlfield tag="005">20230929125840.0</controlfield>
  <controlfield tag="008">230922b           ||||| |||| 00| 0 eng d</controlfield>
  <datafield tag="020" ind1=" " ind2=" ">
    <subfield code="a">9788195821049</subfield>
  </datafield>
  <datafield tag="040" ind1=" " ind2=" ">
    <subfield code="c">AL</subfield>
  </datafield>
  <datafield tag="041" ind1=" " ind2=" ">
    <subfield code="a">eng</subfield>
  </datafield>
  <datafield tag="082" ind1=" " ind2=" ">
    <subfield code="2">23</subfield>
    <subfield code="a">363.7</subfield>
    <subfield code="b">YADE</subfield>
  </datafield>
  <datafield tag="100" ind1=" " ind2=" ">
    <subfield code="a">Rakesh Kumar Yadav</subfield>
    <subfield code="9">134449</subfield>
  </datafield>
  <datafield tag="245" ind1=" " ind2=" ">
    <subfield code="a">Environmental management for sustainable development</subfield>
  </datafield>
  <datafield tag="260" ind1=" " ind2=" ">
    <subfield code="a">New Delhi</subfield>
    <subfield code="b">Discovery Publishing House</subfield>
    <subfield code="c">2023</subfield>
  </datafield>
  <datafield tag="300" ind1=" " ind2=" ">
    <subfield code="a">130p.</subfield>
    <subfield code="b">HB</subfield>
    <subfield code="c">24x15cm.</subfield>
  </datafield>
  <datafield tag="365" ind1=" " ind2=" ">
    <subfield code="2">General</subfield>
    <subfield code="a">07</subfield>
    <subfield code="b">&#x20B9; 803.00</subfield>
    <subfield code="c">&#x20B9;</subfield>
    <subfield code="d">&#x20B9;1100.00</subfield>
    <subfield code="e">27%</subfield>
    <subfield code="f">19/08/2023</subfield>
  </datafield>
  <datafield tag="520" ind1=" " ind2=" ">
    <subfield code="a">The protection of the environment is a crucial component of development strategies and a significant challenge of the twenty-first century. We have discovered over many decades of implementation that environmental protection can never be developed and promoted enough. It is vital for us to step up our efforts to promote and enhance environmental protection because the globe is currently dealing with increasingly serious environmental issues. Many areas have been irreparably damaged. This book will give you knowledge of many ideas related to environmentally friendly management practices.
</subfield>
  </datafield>
  <datafield tag="650" ind1=" " ind2=" ">
    <subfield code="2">Social sciences</subfield>
    <subfield code="a">Other social problems and services</subfield>
    <subfield code="9">134450</subfield>
  </datafield>
  <datafield tag="700" ind1=" " ind2=" ">
    <subfield code="a">Kaul, Shivani; Singh, Swati</subfield>
    <subfield code="9">134451</subfield>
  </datafield>
  <datafield tag="942" ind1=" " ind2=" ">
    <subfield code="2">ddc</subfield>
    <subfield code="c">BK</subfield>
  </datafield>
  <datafield tag="999" ind1=" " ind2=" ">
    <subfield code="c">228883</subfield>
    <subfield code="d">228883</subfield>
  </datafield>
  <datafield tag="952" ind1=" " ind2=" ">
    <subfield code="0">0</subfield>
    <subfield code="1">0</subfield>
    <subfield code="2">ddc</subfield>
    <subfield code="4">0</subfield>
    <subfield code="7">0</subfield>
    <subfield code="8">MSW</subfield>
    <subfield code="a">SACPG</subfield>
    <subfield code="b">SACPG</subfield>
    <subfield code="d">2023-09-16</subfield>
    <subfield code="e">Saraswati Publishers and Distributors</subfield>
    <subfield code="g">803.00</subfield>
    <subfield code="l">0</subfield>
    <subfield code="o">363.7 YADE</subfield>
    <subfield code="p">PG024415</subfield>
    <subfield code="r">2023-09-22 00:00:00</subfield>
    <subfield code="v">1100.00</subfield>
    <subfield code="w">2023-09-22</subfield>
    <subfield code="y">BK</subfield>
  </datafield>
</record>
